| 000 | 00765nam a2200241 a 4500 | ||
|---|---|---|---|
| 001 | 2028561 | ||
| 003 | AM-YEHGA | ||
| 005 | 20250922160056.0 | ||
| 008 | 250819s1962 mau|||||||||||||||0|eng|d | ||
| 040 | _aAM-YeHGA | ||
| 041 | 1 |
_aeng _hgrc |
|
| 100 | 0 | _aAristotle | |
| 245 | 1 | 4 |
_aThe Categories. On interpretation. Prior analytics / _cAristotle ; Translated by H.P. Cook, H. Tredennick. |
| 260 |
_aCambridge, Mass. : _bHarvard University press ; _aLondon : _bW. Heinemann Ltd., _c1962. |
||
| 300 | _aVII, 542 p. | ||
| 490 | 1 | _aThe Loeb classical library. [Greek authors] | |
| 504 | _aBibliogr.: p. 196 | ||
| 650 | 1 | 4 | _aLogic |
| 700 | 1 |
_aCook, Harold P. _etrl |
|
| 700 | 1 |
_aTredennick, Hugh _etrl |
|
| 830 | 0 | _aLoeb classical library | |
| 942 |
_2udc _cBK |
||
| 999 |
_c536326 _d536326 |
||